000 00806nam a2200217Ii 4500
003 JO-AjNU
008 230605s9999||||xx |||||||||||||| ||und||
020 _a978-2-7451-3250-5
040 _aJO-AjNU
_bara
_erda
_cJO-AjNU
041 _aara
050 1 4 _aBP130.4.A27.2007
100 3 _aتأليف ابو حيان ، محمد بن يوسف ؛ عادل أحمد عبد الموجود،علي محمد معوض دراسة وتحقيق وتعليق,
_eauthor
_911444
245 0 0 _aتفسير البحر المحيط
250 _aط2
264 3 1 _aبيروت : دار الكتب العلمية، 2007
300 _aج5، 536ص
336 _atext
_btxt
_2rdacontent
337 _aunmediated
_bn
_2rdamedia
338 _avolume
_bnc
_2rdacarrier
650 4 _a القرآن الكريم -- تفسير 
_911445
999 _aA2329
_c5897
_d5897